Herczeg Éva alkotása [fotómontázs] /
Elmentve itt :
| Szerző: | |
|---|---|
| Dokumentumtípus: | Cikk |
| Megjelent: |
2024
|
| Sorozat: | Tiszatáj
78 No. 9 |
| Kulcsszavak: | Képzőművészet - magyar |
| Online Access: | http://tiszataj.bibl.u-szeged.hu/27713 |
| LEADER | 00580nab a2200181 i 4500 | ||
|---|---|---|---|
| 001 | tisza27713 | ||
| 005 | 20250226100218.0 | ||
| 008 | 250226s2024 hu o 000 hun d | ||
| 022 | |a 0133-1167 | ||
| 040 | |a SZTE Tiszatáj Archívum |b hun | ||
| 041 | |a hun | ||
| 100 | 1 | |a Herczeg Éva | |
| 245 | 1 | 0 | |a Herczeg Éva alkotása |h [elektronikus dokumentum] : |b [fotómontázs] / |c Herczeg Éva |
| 260 | |c 2024 | ||
| 300 | |a 105 | ||
| 490 | 0 | |a Tiszatáj |v 78 No. 9 | |
| 695 | |a Képzőművészet - magyar | ||
| 856 | 4 | 0 | |u http://tiszataj.bibl.u-szeged.hu/27713/1/tiszataj_2024_009_105.pdf |z Dokumentum-elérés |